[Event "Gibraltar Masters 2020"]
[Site "Caleta ENG"]
[Date "2020.01.23"]
[Round "3.103"]
[White "Gomez Anadon, Daniel"]
[Black "Wilson, Matthew R"]
[Result "1-0"]
[WhiteTitle "FM"]
[WhiteElo "2276"]
[BlackElo "1837"]
[WhiteFideId "2218151"]
[BlackFideId "423459"]
[EventDate "2020.01.21"]

1. Nf3 d5 2. g3 Nf6 3. Bg2 e6 4. O-O Be7 5. d3 O-O 6. Nbd2 c5 7. e4 dxe4 8. dxe4
Nc6 9. Qe2 e5 10. c3 Qc7 11. Rd1 Rd8 12. h3 h6 13. Nh4 Be6 14. Re1 Qd7 15. Kh2
Qd3 16. Qxd3 Rxd3 17. Nf5 Bf8 18. Bf1 Rd7 19. Bb5 Rad8 20. Nf3 Bxf5 21. exf5 e4
22. Bxc6 bxc6 23. Ne5 Rd1 24. Be3 Rxa1 25. Rxa1 Rd5 26. Nxc6 Rxf5 27. c4 Nd7 28.
Nxa7 Ne5 29. b3 Nd3 30. Kg2 g5 31. a4 Rf6 32. Nb5 Bg7 33. Ra2 Rc6 34. g4 Be5 35.
Re2 f5 36. gxf5 Rf6 37. f3 exf3+ 38. Kxf3 Nf4 39. Bxf4 Bxf4 40. Kg4 h5+ 41. Kxh5
Rxf5 42. Kg6 Rf8 43. a5 Ra8 44. Re6 Kf8 45. a6 1-0

[Event "Gibraltar Masters 2020"]
[Site "Caleta ENG"]
[Date "2020.01.23"]
[Round "3.104"]
[White "Plotkin, Victor"]
[Black "Raghav, Srivathsav V"]
[Result "1-0"]
[WhiteTitle "FM"]
[WhiteElo "2267"]
[BlackElo "2023"]
[WhiteFideId "2606674"]
[BlackFideId "5073316"]
[EventDate "2020.01.21"]

1. e4 d6 2. d4 Nf6 3. Nc3 g6 4. Be3 Bg7 5. f3 c6 6. a4 Nbd7 7. Qd2 e5 8. Bc4 O-O
9. Nge2 Re8 10. O-O-O a6 11. h4 b5 12. Bb3 Bb7 13. dxe5 dxe5 14. h5 Nf8 15. Qe1
Qe7 16. hxg6 hxg6 17. Qh4 N6h7 18. Qf2 Ne6 19. Rh2 Nhf8 20. Rdh1 Red8 21. Bh6
Bf6 22. Kb1 Nd4 23. g4 Nxb3 24. cxb3 Ne6 25. Ng3 Qc5 26. Be3 Qb4 27. Rh7 Qxb3
28. Qh2 Kf8 29. Qh6+ Ke8 30. Nh5 Be7 31. Ng7+ Nxg7 32. Qxg7 Qe6 33. Qg8+ Kd7 34.
Qxf7 Qxf7 35. Rxf7 Ke6 36. Rxe7+ Kxe7 37. Rh7+ Ke6 38. Rxb7 Rab8 39. Rxb8 Rxb8
40. axb5 axb5 41. Ne2 Rh8 42. Kc2 Rh2 43. Kd3 Rg2 44. b4 Rh2 45. f4 Rh4 46. fxe5
Rxg4 47. Bf4 g5 48. Bg3 c5 49. bxc5 b4 50. c6 b3 51. c7 Rxg3+ 52. Nxg3 Kd7 53.
Kc3 Kxc7 54. Kxb3 Kd7 55. Kc4 Ke6 56. Kd4 g4 57. Nf5 1-0

[Event "Gibraltar Masters 2020"]
[Site "Caleta ENG"]
[Date "2020.01.23"]
[Round "3.105"]
[White "Herzwurm, Robert"]
[Black "Kovacevic, Blazimir"]
[Result "0-1"]
[BlackTitle "GM"]
[WhiteElo "1979"]
[BlackElo "2451"]
[WhiteFideId "4668570"]
[BlackFideId "14502712"]
[EventDate "2020.01.21"]

1. e4 e6 2. d4 d5 3. Nc3 Be7 4. exd5 exd5 5. Qf3 Nf6 6. Bd3 Nc6 7. Nge2 Nb4 8.
Bf4 O-O 9. h3 c6 10. Ng3 Be6 11. O-O Qd7 12. Be5 Nxd3 13. Qxd3 Ne8 14. Rae1 f6
15. Bf4 Bd6 16. Nce2 Nc7 17. Bxd6 Qxd6 18. c3 Rae8 19. Nc1 Bf7 20. Qd2 Bg6 21.
h4 h6 22. Nce2 Bh7 23. f4 Re7 24. Kf2 Rfe8 25. Ng1 Be4 26. Nh3 Qd7 27. Kg1 Nb5
28. f5 Nd6 29. Qf4 Bd3 30. Rxe7 Qxe7 31. Rf3 Bb1 32. Kh2 Bxa2 33. Qg4 Qf7 34.
Nh5 Ne4 35. N3f4 Bc4 36. Re3 Kh8 37. Ng6+ Kh7 38. Ngf4 b6 39. Ne6 Rg8 40. Nhf4
a5 41. Qf3 Nd2 42. Qf2 Nf1+ 43. Kg1 Nxe3 44. Qxe3 Ba6 45. g4 Re8 46. g5 fxg5 47.
hxg5 Qxf5 0-1

[Event "Gibraltar Masters 2020"]
[Site "Caleta ENG"]
[Date "2020.01.23"]
[Round "3.106"]
[White "Bellon Lopez, Juan Manuel"]
[Black "Semprun Martinez, Fernando"]
[Result "0-1"]
[WhiteTitle "GM"]
[WhiteElo "2348"]
[BlackElo "2099"]
[WhiteFideId "2200031"]
[BlackFideId "2203170"]
[EventDate "2020.01.21"]

1. c4 c6 2. Qa4 e6 3. e3 Nf6 4. Nf3 d5 5. d4 Nbd7 6. cxd5 exd5 7. Bd3 Bd6 8. Bd2
Qe7 9. a3 O-O 10. O-O Ne4 11. Bb4 c5 12. Be1 b6 13. Nc3 Bb7 14. Rd1 a6 15. dxc5
Ndxc5 16. Qc2 Nxd3 17. Qxd3 Rad8 18. Nd4 Bc7 19. f3 Nc5 20. Qd2 Rfe8 21. Bf2 Qf6
22. Rfe1 b5 23. Qc2 Bb6 24. Qf5 Qxf5 25. Nxf5 Nb3 26. e4 Bxf2+ 27. Kxf2 d4 28.
Nd5 Kf8 29. Rd3 Bxd5 30. exd5 Rxe1 31. Kxe1 Rxd5 32. g4 Nc5 33. Rxd4 Rxd4 34.
Nxd4 Nd3+ 35. Kd2 Nxb2 36. Kc3 Nc4 37. a4 Ne5 38. axb5 axb5 39. Kb4 Ke7 40. Kxb5
Kd6 41. Nf5+ Kd5 42. Ne3+ Ke6 43. f4 Nd3 44. Kc4 Nxf4 45. Kd4 g5 46. Ke4 Ng6 47.
Nf5 Kf6 48. Nd6 Nh4 49. Ne8+ Kg6 50. Nd6 h6 51. Ke3 f5 52. gxf5+ Nxf5+ 53. Nxf5
Kxf5 54. Kf3 h5 55. h4 g4+ 56. Kf2 Ke4 57. Kg3 Ke3 0-1

[Event "Gibraltar Masters 2020"]
[Site "Caleta ENG"]
[Date "2020.01.23"]
[Round "3.107"]
[White "Oragwu, Chukwunonso"]
[Black "Stolniceanu, Victor-Dumitru"]
[Result "1-0"]
[WhiteTitle "FM"]
[WhiteElo "2220"]
[BlackElo "2074"]
[WhiteFideId "8501254"]
[BlackFideId "1221019"]
[EventDate "2020.01.21"]

1. e4 e5 2. Nf3 Nc6 3. Bb5 Bc5 4. c3 Nge7 5. d4 exd4 6. cxd4 Bb4+ 7. Nc3 d5 8.
e5 Bg4 9. h3 Bxf3 10. Qxf3 O-O 11. Be3 f6 12. exf6 Rxf6 13. Qd1 Nf5 14. O-O Bxc3
15. bxc3 Nce7 16. Bd3 Nd6 17. Bg5 Rf7 18. Qc2 h6 19. Bh4 Qd7 20. Bg3 Nef5 21.
Be5 Re8 22. Rae1 Ref8 23. Qe2 b5 24. Qh5 Ne4 25. Bxe4 dxe4 26. Rxe4 Qc6 27. Rf4
Qxc3 28. Qg6 Ne7 29. Qe6 Qc6 30. Qb3 Nd5 31. Rg4 Kh7 32. Qb1+ g6 33. Rc1 Qe6 34.
Qxb5 Rxf2 35. Rc6 Rf1+ 36. Kh2 Qf7 37. Rcxg6 Nf6 38. Rg7+ Qxg7 39. Rxg7+ Kxg7
40. Qxf1 Kg6 41. Qd3+ 1-0

[Event "Gibraltar Masters 2020"]
[Site "Caleta ENG"]
[Date "2020.01.23"]
[Round "3.108"]
[White "Cherniack, Alex"]
[Black "Huguet, Sergio"]
[Result "1-0"]
[BlackTitle "FM"]
[WhiteElo "2211"]
[BlackElo "2055"]
[WhiteFideId "2007606"]
[BlackFideId "2212552"]
[EventDate "2020.01.21"]

1. d4 d5 2. c4 c6 3. Nf3 e6 4. e3 f5 5. Be2 Nf6 6. O-O Bd6 7. b3 Ne4 8. Ba3 O-O
9. Bxd6 Qxd6 10. Qc2 Nd7 11. Nbd2 Rf6 12. g3 Rh6 13. Rab1 Ndf6 14. Ne5 Bd7 15.
b4 Be8 16. Rfe1 Bh5 17. f3 Nxd2 18. Qxd2 Nd7 19. c5 Qc7 20. Nxd7 Qxd7 21. a4 Re8
22. Qc3 Qe7 23. f4 Bxe2 24. Rxe2 a6 25. Reb2 Rf6 26. b5 axb5 27. axb5 Ra8 28.
Rb3 Rff8 29. Ra3 Rfc8 30. Qb4 Qe8 31. Rxa8 Rxa8 32. bxc6 bxc6 33. Qb7 h6 34. Rb6
Ra1+ 35. Rb1 Ra2 36. Qb8 Qxb8 37. Rxb8+ Kf7 38. h3 Ra7 39. Rc8 Ra6 40. Rc7+ Kf6
41. Rb7 Ra8 42. Rc7 Ra6 43. Kg2 h5 44. Kf3 Kg6 45. Rc8 Kf6 46. Rh8 Kg6 47. Rf8
Ra2 48. Rh8 Ra6 49. Rd8 Kf6 50. Rd7 Kg6 51. Rd6 Kf7 52. g4 hxg4+ 53. hxg4 fxg4+
54. Kxg4 Ra3 55. Kf3 Ra6 56. f5 exf5 57. Kf4 g6 58. Ke5 Ra3 59. Rf6+ Kg7 60.
Rxc6 Rxe3+ 61. Kxd5 f4 62. Ra6 f3 63. Ra1 Kf6 64. Kd6 g5 65. c6 g4 66. c7 Re6+
67. Kd7 Re7+ 68. Kd8 Rxc7 69. Kxc7 f2 70. d5 g3 71. d6 g2 72. d7 f1=Q 73. d8=Q+
Ke5 74. Qd6+ Ke4 75. Ra4+ Kf5 76. Ra5+ Kg4 77. Qg6+ Kf3 78. Rf5+ Ke2 79. Qe6+
Kd3 80. Rxf1 gxf1=Q 81. Qa6+ 1-0

[Event "Gibraltar Masters 2020"]
[Site "Caleta ENG"]
[Date "2020.01.23"]
[Round "3.109"]
[White "De Lange, Job"]
[Black "Hng, Mei-En Emmanuelle"]
[Result "1-0"]
[BlackTitle "WFM"]
[WhiteElo "2211"]
[BlackElo "2055"]
[WhiteFideId "1001191"]
[BlackFideId "5804566"]
[EventDate "2020.01.21"]

1. c4 b6 2. Nc3 Bb7 3. e4 e6 4. Nge2 Nf6 5. d3 Be7 6. g3 O-O 7. Bg2 c5 8. O-O
Nc6 9. h3 a6 10. Be3 Qc7 11. g4 d6 12. f4 Na7 13. f5 Nc6 14. Nf4 Bc8 15. g5 Ne8
16. g6 fxg6 17. Nxe6 Bxe6 18. fxe6 Ra7 19. e5 Nxe5 20. Qe2 Nf6 21. Nd5 Qc8 22.
d4 Nxd5 23. Bxd5 Nc6 24. Rxf8+ Kxf8 25. Qf3+ Bf6 26. Bxc6 Qxe6 27. Bd5 Qf5 28.
dxc5 dxc5 29. Qxf5 gxf5 30. Kf2 g5 31. Rd1 f4 32. Bc1 Re7 33. Re1 Bd4+ 34. Kf1
Rd7 35. Re6 b5 36. Rxa6 bxc4 37. Bxc4 Be5 38. Be2 h5 39. Re6 1-0

[Event "Gibraltar Masters 2020"]
[Site "Caleta ENG"]
[Date "2020.01.23"]
[Round "3.110"]
[White "Byron, Alan M"]
[Black "George, Lolomari Erekosima"]
[Result "1/2-1/2"]
[BlackTitle "CM"]
[WhiteElo "2208"]
[BlackElo "2053"]
[WhiteFideId "401773"]
[BlackFideId "8501076"]
[EventDate "2020.01.21"]

1. e4 c6 2. Nc3 d5 3. Nf3 Bg4 4. h3 Bh5 5. exd5 cxd5 6. Bb5+ Nc6 7. g4 Bg6 8.
Ne5 Rc8 9. d4 e6 10. h4 f6 11. Nxg6 hxg6 12. Qe2 Kf7 13. h5 gxh5 14. Bxc6 Rxc6
15. Rxh5 Rxh5 16. gxh5 Qb6 17. Qd3 Ne7 18. Ne2 Nf5 19. c3 Bd6 20. Ng3 Bxg3 21.
fxg3 Kg8 22. g4 Nd6 23. Qg6 Qc7 24. Bf4 Qf7 25. Qxf7+ Kxf7 26. Bxd6 Rxd6 27. Kd2
g6 28. Rh1 gxh5 29. Rxh5 Kg6 30. Rh8 Rd7 31. Re8 Kf7 32. Rh8 Kg7 33. Re8 Kf7 34.
Rh8 Kg7 35. Ra8 a6 36. Ke3 Re7 37. Rd8 Kf7 38. Kf4 Kg7 39. Kf3 Kg6 40. Rg8+ Kf7
41. Rd8 Kg6 42. Kf4 Rh7 43. Rd6 Re7 44. Rb6 Kh6 45. b3 Kg7 46. g5 Kf7 47. gxf6
Kxf6 48. c4 Rd7 49. c5 Rh7 50. a4 Rh4+ 51. Ke3 Rh3+ 52. Kd2 Rh4 53. Kc3 Rh3+ 54.
Kb4 Rh4 55. Kc3 Rh3+ 56. Kb4 Rh4 57. Rxb7 Rxd4+ 58. Kc3 Rh4 59. c6 d4+ 60. Kd3
Ke5 61. c7 Rh3+ 62. Kd2 Rc3 63. b4 Kd6 64. Rb6+ Kxc7 65. Rxe6 Rb3 66. Rxa6 1/2-1/2

[Event "Gibraltar Masters 2020"]
[Site "Caleta ENG"]
[Date "2020.01.23"]
[Round "3.111"]
[White "Onabogun, Kolade"]
[Black "Skou, Niels"]
[Result "1-0"]
[WhiteElo "2198"]
[BlackElo "2036"]
[WhiteFideId "8500410"]
[BlackFideId "1413155"]
[EventDate "2020.01.21"]

1. e4 e5 2. Nf3 Nc6 3. Bb5 a6 4. Ba4 d6 5. a3 Bd7 6. Bb3 g6 7. d3 Bg7 8. Ng5 Nh6
9. Nc3 Nd4 10. Ba2 O-O 11. h3 Kh8 12. Ne2 Qe7 13. Nxd4 exd4 14. O-O Ng8 15. f4
f6 16. Nf3 f5 17. Re1 Qd8 18. Ng5 Nh6 19. Qf3 c6 20. Qg3 Qa5 21. b4 Qc7 22. Qh4
Rae8 23. Bd2 Qd8 24. Rac1 Be6 25. Bxe6 Rxe6 26. exf5 Rxe1+ 27. Qxe1 Re8 28. Qh4
gxf5 29. Re1 Kg8 30. Qh5 Rxe1+ 31. Bxe1 Qe7 32. Bf2 b6 33. Kf1 Kh8 34. Nf3 c5
35. Ng5 d5 36. bxc5 bxc5 37. Qf3 Qd7 38. Qe2 Bf6 39. Qe6 Qxe6 40. Nxe6 Be7 41.
Nc7 Bd6 42. Nxd5 Kg7 43. Ke2 Kf7 44. Kf3 Ke6 45. c4 dxc3 46. Nxc3 c4 47. dxc4
Bxa3 48. Ne2 a5 49. g4 fxg4+ 50. hxg4 Bb2 51. Bd4 Bxd4 52. Nxd4+ Kd6 53. g5 Nf7
54. Ke4 a4 55. Kd3 Kc5 56. Kc3 a3 57. Ne6+ Kd6 58. Nf8 Kc5 59. Nxh7 a2 60. Kb2
a1=Q+ 61. Kxa1 Kxc4 62. f5 Kd5 63. g6 Nh6 64. f6 Ke6 65. Kb2 Nf7 66. gxf7 Kxf7
67. Kc3 Kg6 68. Kd4 Kxh7 69. Ke5 Kg8 70. Ke6 Kf8 71. f7 1-0

[Event "Gibraltar Masters 2020"]
[Site "Caleta ENG"]
[Date "2020.01.23"]
[Round "3.112"]
[White "Ajele, Rotimi"]
[Black "Kozarcanin, Sead"]
[Result "1/2-1/2"]
[WhiteElo "2188"]
[BlackElo "2019"]
[WhiteFideId "8502994"]
[BlackFideId "14504650"]
[EventDate "2020.01.21"]

1. d4 d5 2. c4 c6 3. Nf3 Nf6 4. Nc3 a6 5. e3 Bg4 6. Qb3 Ra7 7. Ne5 e6 8. Nxg4
Nxg4 9. h3 Nf6 10. a4 a5 11. Be2 Nbd7 12. O-O Be7 13. cxd5 exd5 14. Bf3 O-O 15.
Bd2 Qb6 16. Qc2 g6 17. Rfe1 Bb4 18. Rec1 Raa8 19. Rab1 Rfe8 20. Be1 Re7 21. Na2
Bxe1 22. Rxe1 Ne8 23. b4 Nd6 24. b5 Nc4 25. Qd3 Qc7 26. Nc3 Nf6 27. e4 dxe4 28.
Nxe4 Nxe4 29. Rxe4 Rxe4 30. Bxe4 cxb5 31. Rxb5 Nd6 1/2-1/2

[Event "Gibraltar Masters 2020"]
[Site "Caleta ENG"]
[Date "2020.01.23"]
[Round "3.113"]
[White "Burke, Mitchell R"]
[Black "Tejaswini, Sagar"]
[Result "0-1"]
[BlackTitle "WIM"]
[WhiteElo "2001"]
[BlackElo "2180"]
[WhiteFideId "416231"]
[BlackFideId "5054290"]
[EventDate "2020.01.21"]

1. e4 e5 2. Nf3 Nc6 3. Bb5 a6 4. Bxc6 dxc6 5. O-O Bg4 6. h3 h5 7. d3 Qf6 8. Be3
Bxf3 9. Qxf3 Qxf3 10. gxf3 Bd6 11. Nd2 O-O-O 12. Nc4 Ne7 13. Nxd6+ cxd6 14. f4
exf4 15. Bxf4 Ng6 16. Be3 Rde8 17. Rae1 Rhf8 18. Kh2 f5 19. Rg1 Ne5 20. Kg2 fxe4
21. Rd1 exd3 22. cxd3 Nf3 23. Rgf1 d5 24. d4 Nh4+ 0-1

[Event "Gibraltar Masters 2020"]
[Site "Caleta ENG"]
[Date "2020.01.23"]
[Round "3.114"]
[White "Roman Lopez, Jesus"]
[Black "Hapala, Elisabeth"]
[Result "0-1"]
[BlackTitle "WFM"]
[WhiteElo "1973"]
[BlackElo "2170"]
[WhiteFideId "2291673"]
[BlackFideId "1622080"]
[EventDate "2020.01.21"]

1. e4 e5 2. Nf3 Nc6 3. Bb5 a6 4. Ba4 Nf6 5. O-O Be7 6. d4 exd4 7. Qe2 b5 8. e5
Nxe5 9. Qxe5 bxa4 10. Re1 d6 11. Qxd4 O-O 12. Bg5 Bd7 13. Nc3 Rb8 14. Rxe7 Qxe7
15. Nd5 Nxd5 16. Bxe7 Nxe7 17. Re1 Nc6 18. Qd3 h6 19. Qc3 Rfe8 20. Rxe8+ Rxe8
21. h3 Rb8 22. g4 Rb5 23. b3 Rc5 24. Qd2 axb3 25. axb3 a5 26. Ne1 Nb4 27. c3 Nd5
28. c4 Nb4 29. f4 h5 30. f5 hxg4 31. hxg4 Bc6 32. Qg5 f6 33. Qh4 a4 34. bxa4
Bxa4 35. Nf3 Rxc4 36. Qe1 Rxg4+ 37. Kh2 Bc6 38. Nh4 Nd3 39. Qe6+ Kh7 40. Ng6 Nf4
41. Nxf4 Rxf4 42. Qc8 Rf2+ 43. Kg3 Rf3+ 44. Kh4 Bb5 45. Qxc7 d5 46. Kg4 Re3 47.
Qh2+ Kg8 48. Qb8+ Be8 49. Qd8 Re5 50. Qa8 Kh7 51. Qb7 Ba4 52. Qc8 Bb5 53. Kh4
Bd3 54. Qc3 Bxf5 55. Qd2 d4 56. Kg3 d3 57. Qh2+ Kg6 58. Kh4 Re2 59. Qg2+ 0-1

[Event "Gibraltar Masters 2020"]
[Site "Caleta ENG"]
[Date "2020.01.23"]
[Round "3.115"]
[White "Giacomini, Hector"]
[Black "Rudzinska, Michalina"]
[Result "0-1"]
[BlackTitle "WFM"]
[WhiteElo "2161"]
[BlackElo "2005"]
[WhiteFideId "605352"]
[BlackFideId "1172883"]
[EventDate "2020.01.21"]

1. Nf3 c5 2. e3 Nf6 3. d4 g6 4. dxc5 Qa5+ 5. Bd2 Qxc5 6. c4 Bg7 7. Nc3 O-O 8.
Rc1 d6 9. Be2 b6 10. O-O Bb7 11. b4 Qc7 12. Nd5 Qd8 13. Bc3 Nbd7 14. Qb3 Rc8 15.
Rfd1 Nxd5 16. cxd5 Bxc3 17. Rxc3 Rxc3 18. Qxc3 Nf6 19. Bc4 Qc7 20. Qd3 Rc8 21.
Nd2 Ng4 22. f4 b5 23. Bb3 Qb6 24. Re1 a5 25. h3 Nf6 26. bxa5 Qxa5 27. e4 Nd7 28.
Qd4 Qc3 29. Qxc3 Rxc3 30. Nf3 Nc5 31. Nd4 Rd3 32. Nxb5 Nxb3 33. axb3 Rxb3 34.
Nd4 Rb4 35. Rd1 Kg7 36. Kf2 Rb2+ 37. Kf3 f5 38. g4 fxe4+ 39. Kxe4 Rb4 40. f5
gxf5+ 41. gxf5 Kf6 42. Rd3 Rc4 43. Rb3 Bc8 44. Rf3 Rc5 45. Rb3 Rc4 46. Rf3 Rc1
47. Re3 Rf1 48. Re2 Bxf5+ 49. Nxf5 Rxf5 50. Kd4 Rf4+ 51. Ke3 Rh4 52. Rf2+ Ke5
53. Rf7 Rxh3+ 54. Kd2 Kxd5 55. Rxe7 Kd4 56. Ra7 Rh2+ 57. Ke1 d5 58. Ra3 h5 0-1

[Event "Gibraltar Masters 2020"]
[Site "Caleta ENG"]
[Date "2020.01.23"]
[Round "3.116"]
[White "Adewole, Adeyinka"]
[Black "De Abreu, Roberto N"]
[Result "0-1"]
[BlackTitle "FM"]
[WhiteElo "1941"]
[BlackElo "2154"]
[WhiteFideId "8502544"]
[BlackFideId "14307472"]
[EventDate "2020.01.21"]

1. c4 c5 2. Nc3 Nc6 3. e4 g6 4. f4 Bg7 5. Nf3 e6 6. g3 Nge7 7. Bg2 O-O 8. O-O d6
9. d3 Nd4 10. Ng5 h6 11. Nh3 a6 12. Nf2 Rb8 13. h4 b5 14. cxb5 axb5 15. h5 b4
16. Ne2 Nec6 17. Nxd4 Nxd4 18. hxg6 fxg6 19. Ng4 Kh7 20. Kf2 b3 21. axb3 Nxb3
22. Ra7 Nxc1 23. Qxc1 Qb6 24. Qa1 Qxb2+ 25. Qxb2 Rxb2+ 26. Kf3 Bb7 27. Rf2 Rb3
28. Ke2 Bd4 29. e5 d5 30. Rf1 Rb2+ 31. Kd1 c4 32. Rxb7+ Rxb7 33. dxc4 0-1

[Event "Gibraltar Masters 2020"]
[Site "Caleta ENG"]
[Date "2020.01.23"]
[Round "3.117"]
[White "Stewart, Ashley"]
[Black "Guerra Reig, Juan"]
[Result "1-0"]
[WhiteElo "2152"]
[BlackElo "1998"]
[WhiteFideId "419001"]
[BlackFideId "2224801"]
[EventDate "2020.01.21"]

1. c4 c5 2. g3 g6 3. Bg2 Bg7 4. Nc3 Nc6 5. a3 d6 6. Nf3 e5 7. O-O Nge7 8. Ne1
O-O 9. Nc2 Be6 10. Ne3 Qd7 11. Rb1 Rab8 12. b4 b6 13. Ned5 f5 14. d3 h6 15. Bd2
Kh7 16. b5 Nd8 17. Nxe7 Qxe7 18. Nd5 Qd7 19. e3 g5 20. f4 Bf7 21. fxg5 Bg6 22.
gxh6 Bxh6 23. e4 Qg7 24. exf5 Rxf5 25. Rxf5 Bxf5 26. Bxh6 Qxh6 27. Be4 Bxe4 28.
dxe4 Rb7 29. Qg4 Rf7 30. Rf1 Rxf1+ 31. Kxf1 Nf7 32. Qh4 Ng5 33. Kf2 Qxh4 34.
gxh4 Nxe4+ 35. Ke3 1-0

[Event "Gibraltar Masters 2020"]
[Site "Caleta ENG"]
[Date "2020.01.23"]
[Round "3.118"]
[White "Baert, Andy"]
[Black "Johnsen, Sylvia"]
[Result "1-0"]
[WhiteTitle "FM"]
[BlackTitle "WFM"]
[WhiteElo "2138"]
[BlackElo "1902"]
[WhiteFideId "200107"]
[BlackFideId "1500988"]
[EventDate "2020.01.21"]

1. Nf3 Nf6 2. c4 c5 3. Nc3 d5 4. cxd5 Nxd5 5. g3 Nc6 6. Bg2 Nc7 7. O-O e5 8. d3
Be7 9. Nd2 O-O 10. Nc4 f6 11. f4 Be6 12. Qa4 Nd5 13. fxe5 fxe5 14. Rxf8+ Kxf8
15. Nxd5 Bxd5 16. Bxd5 Qxd5 17. Nb6 axb6 18. Qxa8+ Kf7 19. Be3 e4 20. Rf1+ Bf6
21. Qxb7+ Kg6 22. Qc8 1-0

[Event "Gibraltar Masters 2020"]
[Site "Caleta ENG"]
[Date "2020.01.23"]
[Round "3.119"]
[White "Vega Gutierrez, Belinda"]
[Black "Gostelow, David W"]
[Result "1-0"]
[WhiteTitle "WIM"]
[WhiteElo "2132"]
[BlackElo "1901"]
[WhiteFideId "2229994"]
[BlackFideId "413151"]
[EventDate "2020.01.21"]

1. e4 c5 2. Nf3 Nc6 3. d4 cxd4 4. Nxd4 e5 5. Nb5 a6 6. Nd6+ Bxd6 7. Qxd6 Qf6 8.
Qd2 Nge7 9. Nc3 O-O 10. b3 b5 11. Bb2 Nd4 12. O-O-O Bb7 13. f4 d6 14. Nd5 Nxd5
15. exd5 Bxd5 16. Bxd4 exd4 17. Qxd4 Qxd4 18. Rxd4 Bb7 19. Rxd6 Rfd8 20. Rxd8+
Rxd8 21. Rg1 Be4 22. Be2 Rc8 23. Bd1 b4 24. g3 f5 25. Re1 Rc3 26. Kd2 Rc5 27.
Kc1 Rc3 28. Kb2 a5 29. a4 h6 30. Kc1 g5 31. fxg5 hxg5 32. g4 Rc5 33. gxf5 Bxf5
34. Rg1 Be6 35. Rg3 Kf7 36. Be2 Kf6 37. Kd2 Rc8 38. Rf3+ Kg7 39. Re3 Rd8+ 40.
Bd3 Kf6 41. Rf3+ Ke5 42. Rf2 Rh8 43. Re2+ Kd6 44. Rg2 g4 45. Be2 Rh3 46. Bxg4
Bxg4 47. Rxg4 Rxh2+ 48. Kd3 Rh5 49. Rg6+ Kc5 50. Ra6 Rh3+ 51. Kd2 Rh2+ 52. Kc1
Rh4 53. Rxa5+ Kc6 54. Rb5 Rd4 55. c3 bxc3 56. Kc2 Rh4 57. Kxc3 Rh3+ 58. Kb4 Rh4+
59. Ka3 Rh3 60. Rg5 Kb6 61. a5+ Ka6 62. Ka4 Rh1 63. Rg6+ Ka7 64. b4 Rh4 65. a6
Rh1 66. Ka5 Ra1+ 67. Kb5 Rf1 68. Rg7+ Ka8 69. Ka5 Rf5+ 70. b5 Re5 71. Rd7 Rh5
72. Kb6 Rh6+ 73. Kc5 Rh5+ 74. Kc6 Rh6+ 75. Rd6 Rh7 76. Rd8+ Ka7 77. Rd7+ 1-0

[Event "Gibraltar Masters 2020"]
[Site "Caleta ENG"]
[Date "2020.01.23"]
[Round "3.120"]
[White "Teh, Wee Zhun"]
[Black "Osuna Vega, Enrique"]
[Result "1-0"]
[BlackTitle "CM"]
[WhiteElo "1857"]
[BlackElo "2129"]
[WhiteFideId "5707277"]
[BlackFideId "2219549"]
[EventDate "2020.01.21"]

1. d4 e6 2. c4 d5 3. Nc3 f5 4. Bf4 Nf6 5. e3 Be7 6. Bd3 O-O 7. h3 b6 8. Nf3 Ne4
9. O-O g5 10. Bh2 c6 11. Ne5 Bb7 12. Bxe4 dxe4 13. f3 exf3 14. Qxf3 Bd6 15. Kh1
a6 16. Rad1 Qe7 17. Qh5 Qg7 18. Na4 c5 19. Nxb6 Ra7 20. Na4 cxd4 21. exd4 f4 22.
Nf3 Bc6 23. Nc3 Rf5 24. d5 exd5 25. cxd5 Bd7 26. Bg1 Rb7 27. Bd4 Qf7 28. Qxf7+
Kxf7 29. Ne4 Rxd5 30. Nfxg5+ Kg6 31. Nxd6 Rxd6 32. Ne4 Rd5 33. Rxf4 Bf5 34. Nc3
Rd6 35. Rdf1 Bd3 36. R1f3 Bc2 37. Be5 Re6 38. Rg3+ Kh5 39. Bf6 Rxf6 40. Rxf6
Rxb2 41. Nd5 1-0

[Event "Gibraltar Masters 2020"]
[Site "Caleta ENG"]
[Date "2020.01.23"]
[Round "3.121"]
[White "Arroyo Rodriguez, Jesus"]
[Black "Sagar, Siya"]
[Result "1-0"]
[WhiteElo "2125"]
[BlackElo "1740"]
[WhiteFideId "2277760"]
[BlackFideId "25098160"]
[EventDate "2020.01.21"]

1. e4 e5 2. Nc3 Nf6 3. f4 d5 4. fxe5 Nxe4 5. Qf3 f5 6. d3 Nxc3 7. bxc3 d4 8. c4
Bb4+ 9. Kd1 O-O 10. Qg3 Kh8 11. Nf3 c5 12. Be2 Nc6 13. Ng5 h6 14. h4 Qe7 15. Bf4
Ba5 16. Bf3 Bc7 17. e6 Bxf4 18. Qxf4 Rf6 19. Bd5 Kg8 20. Kd2 Nd8 21. Rae1 hxg5
22. hxg5 Rg6 23. Rh5 Bxe6 24. g4 fxg4 25. Be4 Qe8 26. Reh1 Nf7 27. Bxg6 Qe7 28.
Qxf7+ 1-0

[Event "Gibraltar Masters 2020"]
[Site "Caleta ENG"]
[Date "2020.01.23"]
[Round "3.122"]
[White "Gravett, Alan D"]
[Black "Seewi, Joram"]
[Result "0-1"]
[WhiteElo "1824"]
[BlackElo "2109"]
[WhiteFideId "406171"]
[BlackFideId "16260350"]
[EventDate "2020.01.21"]

1. g3 d5 2. Bg2 c5 3. Nf3 Nc6 4. d4 Nf6 5. O-O e6 6. c4 cxd4 7. cxd5 Nxd5 8.
Nxd4 Bd7 9. e4 Nf6 10. Bg5 Be7 11. Nc3 Qa5 12. Ndb5 a6 13. Bxf6 axb5 14. Bxe7
Nxe7 15. a3 Bc6 16. b4 Qb6 17. Qg4 O-O 18. Rfd1 Ng6 19. Bf1 f5 20. exf5 Ne5 21.
Qf4 Nf3+ 0-1

[Event "Gibraltar Masters 2020"]
[Site "Caleta ENG"]
[Date "2020.01.23"]
[Round "3.123"]
[White "Bengherabi, Khalil"]
[Black "Manukonda, Arun"]
[Result "1/2-1/2"]
[WhiteTitle "FM"]
[WhiteElo "2106"]
[BlackElo "1959"]
[WhiteFideId "7900325"]
[BlackFideId "5080789"]
[EventDate "2020.01.21"]

1. e4 c5 2. Nf3 d6 3. d4 cxd4 4. Qxd4 Bd7 5. Bg5 Nc6 6. Qd2 h6 7. Be3 Nf6 8. Nc3
Ng4 9. Bf4 g5 10. Bg3 Bg7 11. Bc4 Rc8 12. Bb3 a6 13. O-O Na5 14. h3 Nxb3 15.
axb3 Ne5 16. Nxe5 dxe5 17. f3 Bc6 18. Qxd8+ Rxd8 19. Rfd1 O-O 20. Rxd8 Rxd8 21.
Rd1 Rxd1+ 22. Nxd1 e6 23. Ne3 f6 24. Kf2 Bf8 25. Ke2 Kf7 26. Bf2 h5 27. g4 h4
28. Nc4 Bb5 29. Bb6 Ke8 30. Kf2 Kd7 31. Ke3 Be7 32. Kd2 Kc6 33. Be3 Kc7 34. Kc3
Kc8 35. Bb6 Kd7 36. Ba5 Kc6 37. Bb4 Bxb4+ 38. Kxb4 b6 39. Kc3 a5 40. Kd2 a4 41.
Na3 axb3 42. c4 Ba6 43. Kd3 Kc5 44. Kc3 Bc8 45. Nb1 b5 46. cxb5 Kxb5 47. Nd2 Ba6
48. Nxb3 Kb6 49. Nc1 Bf1 50. Kd2 Bxh3 51. Ke2 f5 52. Nd3 fxg4 53. fxg4 Bxg4+ 54.
Kf2 Bh5 55. Nxe5 Kc5 56. Nd7+ Kd4 57. Nf6 Bd1 58. Nh7 g4 59. Ng5 g3+ 60. Kg2 Bg4
61. b4 Kc4 62. Nh7 Kxb4 63. Nf8 Bh5 64. Nxe6 Bg6 65. Ng5 Kc4 66. Kh3 Bh5 67.
Kxh4 g2 68. Nh3 1/2-1/2